000 00789nam a2200217Ia 4500
003 GCL
008 140319s9999 xx 000 0 ara d
040 _aGCL /
_cGCL
082 0 4 _a327.5604
_bا ح
100 1 _aاحمد صدقى الدجانى
245 1 0 _aالحوار العربى الاوروبى الفكر والمسار والمستقبل وجهة نظر عربية /
_cاحمد صدقى الدجانى
260 _a[S.N] :
_bدار المستقبل العربى ،
_c1993
300 _a384 ص
490 _a
650 0 4 _aالسياسة العربية
650 0 4 _aالحوار العربى الاوربى
650 0 4 _aالقضية الفلسطينية
650 0 4 _aالسياسة الخارجية
650 0 4 _aالعلاقات الخارجية
942 _2ddc
_cBK
999 _c56361
_d56361